| Tag |
First Indicator |
Second Indicator |
Subfields |
| LEADER |
00000cam a2200000 4500 |
| 001 |
in00000054285 |
| 005 |
20151008052014.0 |
| 008 |
740115s1933 nyua 00000 eng |
| 010 |
|
|
|a 33011685
|
| 035 |
|
|
|a (OCoLC)00776326
|
| 035 |
|
|
|9 AAH1180AM
|
| 040 |
|
|
|a DLC
|c YNG
|d TXA
|d UtOrBLW
|
| 049 |
|
|
|a TXAM
|c [187429]
|
| 050 |
|
0 |
|a HB251
|b .S75 1933
|
| 092 |
|
|
|a 330.1
|b S679w2
|
| 100 |
1 |
|
|a Soddy, Frederick,
|d 1877-1956.
|
| 245 |
1 |
0 |
|a Wealth, virtual wealth and debt ;
|b the solution of the economic paradox /
|c by Frederick Soddy ...
|
| 250 |
|
|
|a 2d ed.,
|b containing new material and foreword to the American nation.
|
| 264 |
|
1 |
|a New York :
|b Dutton,
|c [1933]
|
| 300 |
|
|
|a xxii, 320 pages :
|b diagrams ;
|c 21 cm.
|
| 336 |
|
|
|a text
|b txt
|2 rdacontent
|
| 337 |
|
|
|a unmediated
|b n
|2 rdamedia
|
| 338 |
|
|
|a volume
|b nc
|2 rdacarrier
|
| 650 |
|
0 |
|a Wealth.
|
| 650 |
|
0 |
|a Economics.
|
| 650 |
|
0 |
|a Currency question.
|
| 999 |
|
|
|a MARS
|
| 999 |
f |
f |
|s 978def80-6419-3487-9b7d-268351ea0d63
|i d887aa1a-15b3-3ce9-bc80-2ae05d1da666
|t 0
|
| 952 |
f |
f |
|p ric
|a Texas A&M University
|b Rellis Campus
|c Joint Library Facility
|d Remote Storage
|t 0
|e HB251 .S75 1933
|h Library of Congress classification
|i unmediated -- volume
|m A14800692529
|
| 998 |
f |
f |
|a HB251 .S75 1933
|t 0
|l Remote Storage
|